[Event "C.to Mondiale U16 femminile"]
[Site "Antalya TUR"]
[Date "2007.11.21"]
[Round "4"]
[White "Li, Panru"]
[Black "Reginato, Sabrina"]
[Result "1-0"]
[WhiteElo "2051"]
[BlackElo "1752"]
[PlyCount "65"]
[EventDate "2007.11.18"]

1. d4 d5 2. c4 e6 3. Nc3 Nf6 4. Bg5 Be7 5. e3 O-O 6. Nf3 Nbd7 7. Bd3 dxc4 8.
Bxc4 c5 9. O-O a6 10. a4 b6 11. Qe2 Bb7 12. Rfd1 Re8 13. Rac1 Qb8 14. dxc5 Bxc5
15. e4 Ne5 16. Bf4 Nxf3+ 17. Qxf3 Qa7 18. Be5 Be7 19. Bd4 Rac8 20. Bb3 Qa8 21.
Re1 b5 22. axb5 axb5 23. Ra1 Qb8 24. Nxb5 Bxe4 25. Qe2 Bc6 26. Bc4 Red8 27. Be5
Qb6 28. Na7 Ra8 29. Ra6 Qxa6 30. Bxa6 Rxa7 31. Rc1 Rad7 32. h3 Ba8 33. Rc8 1-0

[Event "C.to Mondiale U16 femminile"]
[Site "Antalya TUR"]
[Date "2007.11.22"]
[Round "5"]
[White "Dincok, Berfu"]
[Black "Beltrami, Chiara"]
[Result "1-0"]
[WhiteElo "1945"]
[BlackElo "1608"]
[PlyCount "53"]
[EventDate "2007.11.18"]

1. e4 e5 2. Nf3 d6 3. d4 Nd7 4. Bc4 c6 5. O-O Be7 6. dxe5 dxe5 7. Ng5 Bxg5 8.
Qh5 Qe7 9. Bxg5 Ngf6 10. Qh4 O-O 11. Nd2 h6 12. Be3 Nc5 13. b4 Ne6 14. Qg3 Kh8
15. Qxe5 Ng4 16. Qg3 Nxe3 17. Qxe3 Qxb4 18. Rab1 Qe7 19. Rfe1 Rd8 20. Nf3 Qc7
21. Qc3 Nf4 22. Ne5 Be6 23. Bxe6 Nxe6 24. Ng4 Qf4 25. Ne5 Ng5 26. Rxb7 Rd2 27.
Ng6+ 1-0

[Event "C.to Mondiale U16 femminile"]
[Site "Antalya TUR"]
[Date "2007.11.22"]
[Round "5"]
[White "Reginato, Sabrina"]
[Black "Siradze, Salome"]
[Result "0-1"]
[WhiteElo "1752"]
[BlackElo "2024"]
[PlyCount "57"]
[EventDate "2007.11.18"]

1. e4 c6 2. d4 d5 3. exd5 cxd5 4. Bd3 Nc6 5. c3 Qc7 6. Nf3 Bg4 7. O-O e6 8.
Nbd2 Bd6 9. Qc2 Nge7 10. h3 Bf5 11. Re1 O-O 12. a3 Rac8 13. Nf1 Bxd3 14. Qxd3
Ng6 15. N1h2 Na5 16. Ng4 Qc4 17. Qd1 Qb3 18. Qd3 Nc4 19. Nfe5 a5 20. Qf3 Ngxe5
21. dxe5 d4 22. Nf6+ gxf6 23. Qxf6 Ne3 24. fxe3 dxc3 25. h4 cxb2 26. Bd2 bxa1=Q
27. Rxa1 Qb2 28. h5 Qxa1+ 29. Kh2 0-1

[Event "C.to Mondiale U16 femminile"]
[Site "Antalya TUR"]
[Date "2007.11.22"]
[Round "6"]
[White "Beltrami, Chiara"]
[Black "Kaya, Sena Nur"]
[Result "1/2-1/2"]
[WhiteElo "1608"]
[BlackElo "1520"]
[PlyCount "93"]
[EventDate "2007.11.18"]

1. e4 c5 2. Nc3 d6 3. f4 Nc6 4. Nf3 e6 5. Bc4 Nf6 6. e5 dxe5 7. fxe5 Nd5 8. Ne4
Be7 9. O-O O-O 10. Qe1 a6 11. Qf2 b6 12. d3 Qc7 13. Bxd5 exd5 14. Nf6+ gxf6 15.
Bh6 Kh8 16. exf6 Rg8 17. fxe7 Qxe7 18. Rae1 Be6 19. h4 Rg6 20. Bd2 Rag8 21. Ng5
h6 22. h5 Rxg5 23. Bxg5 Qxg5 24. Qf6+ Kh7 25. Qxg5 Rxg5 26. Rf4 Rxh5 27. a3 b5
28. b4 c4 29. dxc4 dxc4 30. Rd1 Rf5 31. Re4 Rd5 32. Rf1 Rd2 33. Rf2 Rd1+ 34.
Kh2 Ra1 35. Re3 Ra2 36. Rd2 a5 37. bxa5 Nxa5 38. Re5 Rxa3 39. Rxb5 c3 40. Rf2
Kg6 41. Rc5 Nc4 42. Rf3 Kg7 43. g4 Kg6 44. Rh3 Kg7 45. Rch5 Bxg4 46. Rg3 Kf6
47. Rc5 1/2-1/2

[Event "C.to Mondiale U16 femminile"]
[Site "Antalya TUR"]
[Date "2007.11.24"]
[Round "7"]
[White "Vetrila, Sanda"]
[Black "Beltrami, Chiara"]
[Result "1-0"]
[WhiteElo "2028"]
[BlackElo "1608"]
[PlyCount "27"]
[EventDate "2007.11.18"]

1. e4 e5 2. Nf3 d6 3. d4 Nd7 4. Bc4 c6 5. O-O Be7 6. dxe5 dxe5 7. Qe2 Ngf6 8.
Rd1 Qc7 9. Ng5 O-O 10. Bxf7+ Rxf7 11. Qc4 Nc5 12. Qxf7+ Kh8 13. Ne6 Na4 14.
Qxg7# 1-0

[Event "C.to Mondiale U16 femminile"]
[Site "Antalya TUR"]
[Date "2007.11.26"]
[Round "9"]
[White "Reginato, Sabrina"]
[Black "Beltrami, Chiara"]
[Result "1/2-1/2"]
[WhiteElo "1752"]
[BlackElo "1608"]
[PlyCount "25"]
[EventDate "2007.11.18"]

1. Nf3 Nf6 2. Nc3 d5 3. d4 e6 4. e3 Nbd7 5. Bd3 c5 6. O-O Be7 7. Bd2 O-O 8. b3
b6 9. Ne2 cxd4 10. exd4 Qc7 11. c4 dxc4 12. bxc4 Bb7 13. Ng3 1/2-1/2

[Event "C.to Mondiale U16 femminile"]
[Site "Antalya TUR"]
[Date "2007.11.28"]
[Round "11"]
[White "Costa Guerra, Catarina"]
[Black "Beltrami, Chiara"]
[Result "1-0"]
[WhiteElo "1729"]
[BlackElo "1608"]
[PlyCount "39"]
[EventDate "2007.11.18"]

1. e4 e5 2. f4 d6 3. Nf3 Nd7 4. Bc4 Be7 5. O-O c6 6. fxe5 d5 7. exd5 Nb6 8. Bb3
Nxd5 9. d4 c5 10. c4 Nb6 11. d5 h6 12. Qc2 Bg5 13. e6 Bxc1 14. exf7+ Kxf7 15.
Ne5+ Ke7 16. Nf7 Be3+ 17. Kh1 Qe8 18. d6+ Kd7 19. Ba4+ Nxa4 20. Qxa4+ 1-0

[Event "C.to Mondiale U16"]
[Site "Antalya TUR"]
[Date "2007.11.18"]
[Round "1"]
[White "Rombaldoni, Axel"]
[Black "Azemati, Amir"]
[Result "1-0"]
[WhiteElo "2399"]
[BlackElo "2155"]
[PlyCount "67"]
[EventDate "2007.11.18"]

1. e4 c5 2. Nf3 d6 3. d4 cxd4 4. Nxd4 Nf6 5. Nc3 g6 6. Be2 Bg7 7. O-O O-O 8.
Re1 Nc6 9. Nb3 Be6 10. Bg5 Ne5 11. Nd5 Bxd5 12. exd5 Rc8 13. c3 Qc7 14. a4 a6
15. a5 Rfe8 16. Ra4 e6 17. f4 Ned7 18. dxe6 fxe6 19. Rc4 Nc5 20. Nxc5 dxc5 21.
Bxf6 Bxf6 22. Bg4 Rcd8 23. Qb3 Kg7 24. Bxe6 Rd2 25. Rce4 Red8 26. Bg4 Qc6 27.
Bf3 Qb5 28. Re7+ Bxe7 29. Rxe7+ Kh6 30. Qf7 Rd1+ 31. Kf2 R8d2+ 32. Kg3 Rxg2+
33. Bxg2 Qd3+ 34. Kh4 1-0

[Event "C.to Mondiale U16"]
[Site "Antalya TUR"]
[Date "2007.11.20"]
[Round "3"]
[White "Rombaldoni, Axel"]
[Black "Mustafaev, Khurshed"]
[Result "1/2-1/2"]
[WhiteElo "2399"]
[BlackElo "2293"]
[PlyCount "59"]
[EventDate "2007.11.18"]

1. e4 c5 2. Nf3 d6 3. d4 cxd4 4. Nxd4 Nf6 5. Nc3 a6 6. Be3 e6 7. a4 Nc6 8. Bc4
Be7 9. O-O O-O 10. Qe2 Qc7 11. f4 Nxd4 12. Bxd4 e5 13. Be3 Be6 14. Bxe6 fxe6
15. fxe5 dxe5 16. Kh1 Rac8 17. Bg5 Qc4 18. Qe1 Kh8 19. Rf3 Ng8 20. Bxe7 Rxf3
21. gxf3 Nxe7 22. Rd1 Ng6 23. Qg3 Qc7 24. Rd2 Rf8 25. Qf2 Qe7 26. Qe3 Qh4 27.
Rf2 Rd8 28. Rd2 Rf8 29. Rf2 Nf4 30. Ne2 1/2-1/2

[Event "C.to Mondiale U16"]
[Site "Antalya TUR"]
[Date "2007.11.21"]
[Round "4"]
[White "Martinovic, Sasa"]
[Black "Rombaldoni, Axel"]
[Result "1/2-1/2"]
[WhiteElo "2362"]
[BlackElo "2399"]
[PlyCount "41"]
[EventDate "2007.11.18"]

1. d4 d5 2. c4 e6 3. Nc3 c6 4. e3 f5 5. f4 Nf6 6. Nf3 Be7 7. Be2 O-O 8. O-O Ne4
9. Qc2 Nd7 10. b3 Ndf6 11. Nxe4 Nxe4 12. a4 Bd7 13. Ba3 Bxa3 14. Rxa3 Be8 15.
Ne5 g5 16. Bd3 gxf4 17. Rxf4 Nf6 18. c5 a5 19. Ra1 Kh8 20. Kh1 Rg8 21. Raf1
1/2-1/2

[Event "C.to Mondiale U16"]
[Site "Antalya TUR"]
[Date "2007.11.24"]
[Round "7"]
[White "Rombaldoni, Axel"]
[Black "Janev, Tihomir"]
[Result "1-0"]
[WhiteElo "2399"]
[BlackElo "2265"]
[PlyCount "81"]
[EventDate "2007.11.18"]

1. e4 c5 2. Nf3 d6 3. d4 cxd4 4. Nxd4 Nf6 5. Nc3 a6 6. Be3 e6 7. f3 b5 8. Qd2
Bb7 9. g4 Nfd7 10. g5 Ne5 11. f4 b4 12. Nd1 Bxe4 13. Rg1 Nec6 14. Nf2 Bd5 15.
f5 Nxd4 16. Bxd4 Nc6 17. c4 bxc3 18. Bxc3 Ne5 19. Be2 Qb6 20. O-O-O Rc8 21.
fxe6 fxe6 22. Ng4 Be7 23. Kb1 Rf8 24. Nxe5 dxe5 25. Bxe5 Bc5 26. Rg3 Rd8 27.
Ka1 Bb4 28. Qc2 Qa5 29. a3 Bd6 30. Bxd6 Rxd6 31. Qxh7 Rd7 32. Rc3 Kd8 33. g6
Qa4 34. Rdc1 Qd4 35. Bxa6 Rf2 36. Bb5 Ra7 37. Qg8+ Ke7 38. Qe8+ Kf6 39. Qd8+
Kf5 40. Bd3+ Kg4 41. Rf1 1-0

[Event "C.to Mondiale U16"]
[Site "Antalya TUR"]
[Date "2007.11.26"]
[Round "9"]
[White "Rombaldoni, Axel"]
[Black "Kanmazalp, Ogulcan"]
[Result "1-0"]
[WhiteElo "2399"]
[BlackElo "2264"]
[PlyCount "111"]
[EventDate "2007.11.18"]

1. e4 c5 2. Nf3 e6 3. d4 cxd4 4. Nxd4 Nf6 5. Nc3 Nc6 6. Nxc6 bxc6 7. e5 Nd5 8.
Ne4 Qc7 9. f4 Rb8 10. c4 Bb4+ 11. Ke2 O-O 12. cxd5 cxd5 13. Ng5 f6 14. exf6
gxf6 15. Nf3 Bb7 16. Be3 Bd6 17. Qd2 e5 18. Rc1 Bc6 19. fxe5 fxe5 20. Bh6 Rf6
21. Bg5 Rf7 22. Kd1 Qb6 23. b3 Re8 24. Be3 Qb7 25. Ng5 Rg7 26. Ne4 Bb4 27. Nf6+
Kh8 28. Qf2 Rf7 29. Qf5 Re6 30. Bd3 Be7 31. Qh5 Rexf6 32. Qxe5 Kg8 33. Bd4 Qb4
34. Re1 d6 35. Qe3 Bd7 36. Bc3 Qg4+ 37. Be2 Qf4 38. Qxa7 Bg4 39. Bxg4 Qxg4+ 40.
Kc2 Qg6+ 41. Kb2 Rf2+ 42. Ka1 Bf6 43. Qa8+ Kg7 44. Qxd5 Bxc3+ 45. Rxc3 Qf6 46.
Ree3 Rc2 47. Rg3+ Kh6 48. Rh3+ Kg7 49. Rhg3+ Kh6 50. Kb1 Re2 51. Rh3+ Kg7 52.
Rhg3+ Kh6 53. Rh3+ Kg7 54. Rcg3+ Kh8 55. Rxh7+ Kxh7 56. Qh5+ 1-0

[Event "C.to Mondiale U16"]
[Site "Antalya TUR"]
[Date "2007.11.27"]
[Round "10"]
[White "Rombaldoni, Axel"]
[Black "Leniart, Arkadiusz"]
[Result "1-0"]
[WhiteElo "2399"]
[BlackElo "2329"]
[PlyCount "73"]
[EventDate "2007.11.18"]

1. e4 e5 2. Nf3 Nc6 3. Bb5 a6 4. Ba4 Nf6 5. O-O Be7 6. Re1 b5 7. Bb3 d6 8. c3
O-O 9. h3 Na5 10. Bc2 c5 11. d4 Qc7 12. Nbd2 exd4 13. cxd4 Rd8 14. b3 Nc6 15.
Bb2 cxd4 16. Nxd4 Nxd4 17. Bxd4 Be6 18. Nf1 Rac8 19. Ne3 Qb7 20. Qd3 Kf8 21. f4
Nd7 22. Qd2 f6 23. Nd5 Re8 24. Bf2 Bd8 25. Ne3 Qb8 26. Bg3 Bf7 27. Nf5 b4 28.
Rad1 Bb6+ 29. Kh2 Bc5 30. e5 dxe5 31. Nxg7 Kxg7 32. Qxd7 Bd4 33. Qg4+ Kf8 34.
Bxh7 exf4 35. Bxf4 Be5 36. Rxe5 fxe5 37. Bh6+ 1-0

[Event "C.to Mondiale U16"]
[Site "Antalya TUR"]
[Date "2007.11.28"]
[Round "11"]
[White "Lomsadze, Davit"]
[Black "Rombaldoni, Axel"]
[Result "0-1"]
[WhiteElo "2370"]
[BlackElo "2399"]
[PlyCount "44"]
[EventDate "2007.11.18"]

1. e4 c5 2. Nc3 Nc6 3. f4 e6 4. Nf3 d5 5. d3 f5 6. e5 b5 7. d4 b4 8. Na4 cxd4
9. Bd3 Nh6 10. O-O Be7 11. b3 O-O 12. Bb2 Bd7 13. Kh1 Nf7 14. Nxd4 Nxd4 15.
Bxd4 Bxa4 16. bxa4 Qa5 17. g4 Nh6 18. h3 g6 19. Bb5 a6 20. Bd3 Rac8 21. Be2
Qxa4 22. g5 22... Nf7 {...} 0-1

[Event "C.to Mondiale U14 femminile"]
[Site "Antalya TUR"]
[Date "2007.11.19"]
[Round "2"]
[White "Padmini, Rout"]
[Black "Messina, Roberta"]
[Result "1-0"]
[WhiteElo "2226"]
[BlackElo "1836"]
[PlyCount "61"]
[EventDate "2007.11.18"]

1. e4 c5 2. Nf3 d6 3. d4 cxd4 4. Nxd4 Nf6 5. Nc3 a6 6. Bg5 e6 7. f4 Qb6 8. Qd2
Qxb2 9. Rb1 Qa3 10. e5 dxe5 11. fxe5 Nfd7 12. Ne4 Qxa2 13. Rb3 Qa1+ 14. Kf2 Qa4
15. Bb5 axb5 16. Nxb5 f6 17. Nbd6+ Bxd6 18. Nxd6+ Ke7 19. exf6+ gxf6 20. Rd1
Qa5 21. Bxf6+ Nxf6 22. Qf4 Qc5+ 23. Kf1 Qxc2 24. Rbd3 Rg8 25. R3d2 Qc6 26. Re2
Rg6 27. Qb4 Bd7 28. Nf5+ Kd8 29. Nd4 Ra4 30. Nxc6+ Kc8 31. Qf8+ 1-0

[Event "C.to Mondiale U14 femminile"]
[Site "Antalya TUR"]
[Date "2007.11.22"]
[Round "5"]
[White "Bulmaga, Irina"]
[Black "Messina, Roberta"]
[Result "1-0"]
[WhiteElo "2176"]
[BlackElo "1836"]
[PlyCount "51"]
[EventDate "2007.11.18"]

1. e4 c5 2. Nf3 d6 3. Bb5+ Bd7 4. Bxd7+ Qxd7 5. O-O Nf6 6. Qe2 Nc6 7. c3 Qg4 8.
d3 Ne5 9. Nbd2 Nh5 10. d4 Nf4 11. Qb5+ Kd8 12. Ne1 Ned3 13. f3 Qg5 14. g3 Ne2+
15. Kh1 Ndxc1 16. Nb3 Qh6 17. Kg2 Nxb3 18. axb3 Qd2 19. Rf2 Qxb2 20. Qxb7 Nf4+
21. gxf4 Qxa1 22. Qxa8+ Kc7 23. dxc5 dxc5 24. Nd3 Qa5 25. Ne5 Kd6 26. Qc6# 1-0

[Event "C.to Mondiale U14 femminile"]
[Site "Antalya TUR"]
[Date "2007.11.28"]
[Round "11"]
[White "Revo, Tatiana"]
[Black "Messina, Roberta"]
[Result "1-0"]
[WhiteElo "1951"]
[BlackElo "1836"]
[PlyCount "89"]
[EventDate "2007.11.18"]

1. e4 c5 2. Nf3 d6 3. d4 cxd4 4. Nxd4 Nf6 5. Nc3 a6 6. f3 e6 7. Be3 b5 8. Qd2
Be7 9. O-O-O Bb7 10. g4 Nfd7 11. Bd3 Nb6 12. h4 N8d7 13. Qf2 Rc8 14. g5 Rxc3
15. bxc3 d5 16. Nb3 Ba3+ 17. Kd2 Nc4+ 18. Bxc4 bxc4 19. Nd4 dxe4 20. f4 Nc5 21.
Ke1 Qa5 22. Rb1 O-O 23. Kf1 Qxc3 24. Rh3 Rd8 25. Rg3 Bb2 26. Nc6 Bxc6 27. Bxc5
e3 28. Rxe3 Qa5 29. Ree1 c3 30. Red1 Rd5 31. Bd4 Kf8 32. Kg1 Qxa2 33. h5 g6 34.
hxg6 fxg6 35. Qe3 Qc4 36. Be5 a5 37. Qa7 Qc5+ 38. Qxc5+ Rxc5 39. Bd6+ Ke8 40.
Bxc5 Bd5 41. Bb6 a4 42. Kf2 a3 43. Re1 Kd7 44. Ke3 a2 45. Rbd1 1-0

[Event "C.to Mondiale U14"]
[Site "Antalya TUR"]
[Date "2007.11.21"]
[Round "4"]
[White "Nakar, Eylon"]
[Black "Caprio, Guido"]
[Result "1-0"]
[WhiteElo "2105"]
[BlackElo "2071"]
[PlyCount "73"]
[EventDate "2007.11.18"]

1. e4 c5 2. Nc3 Nc6 3. g3 g6 4. Bg2 Bg7 5. d3 d6 6. Be3 Rb8 7. f4 b5 8. Qd2 b4
9. Nd1 Nd4 10. c3 bxc3 11. bxc3 Nc6 12. Nf3 Nf6 13. h3 O-O 14. O-O c4 15. Nh4
cxd3 16. e5 dxe5 17. Bxc6 exf4 18. Bxa7 Bxh3 19. Bxb8 Qb6+ 20. Qf2 Qxc6 21.
Bxf4 Ne4 22. Qf3 Bxf1 23. Kxf1 e5 24. Be3 f5 25. Kg1 f4 26. gxf4 exf4 27. Bf2
Qd5 28. Ng2 g5 29. Rb1 Nxc3 30. Qxd5+ Nxd5 31. Rb3 f3 32. Rxd3 Nb4 33. Rb3 Nxa2
34. Ne1 g4 35. Ra3 Nc1 36. Kf1 Be5 37. Ra5 1-0

[Event "C.to Mondiale U14"]
[Site "Antalya TUR"]
[Date "2007.11.22"]
[Round "6"]
[White "Dole, Anant"]
[Black "Caprio, Guido"]
[Result "1-0"]
[WhiteElo "1797"]
[BlackElo "2071"]
[PlyCount "121"]
[EventDate "2007.11.18"]

1. e4 c5 2. Nf3 d6 3. d4 cxd4 4. Nxd4 Nf6 5. Nc3 g6 6. Be3 Bg7 7. f3 Nc6 8. Bc4
O-O 9. Qd2 Bd7 10. O-O-O Rc8 11. Bb3 Ne5 12. g4 b5 13. Kb1 a5 14. a3 Nc4 15.
Bxc4 Rxc4 16. b3 Rc8 17. Ndxb5 a4 18. b4 Bxb5 19. Nxb5 Nd7 20. Qe2 Ne5 21. Bd4
Nc4 22. Bxg7 Kxg7 23. Qd3 Qd7 24. Nd4 e5 25. Ne2 Qb5 26. Ng3 Rc7 27. Rc1 Rfc8
28. Rhd1 f6 29. Ka1 Qb6 30. Nf1 Kf7 31. Re1 Rc6 32. Ne3 Nxe3 33. Rxe3 Rc3 34.
Qd5+ Kg7 35. Rxc3 Rxc3 36. Kb2 Rxf3 37. Rd1 Rf2 38. Qxd6 Qe3 39. Qe7+ Kh6 40.
Rd7 Qxe4 41. Qxh7+ Kg5 42. Rc7 Qd4+ 43. Rc3 Rf3 44. Qc7 Rf1 45. Qc5 Qf4 46. Qe3
Rd1 47. Qxf4+ exf4 48. h3 f5 49. gxf5 Kxf5 50. Rc8 f3 51. b5 Ke4 52. Re8+ Kf4
53. c4 Rd6 54. Kc3 Rf6 55. Re1 f2 56. Rf1 Ke5 57. Kb4 Kd4 58. c5 Rf4 59. c6
Kd5+ 60. Ka5 Kd6 61. Kb6 1-0

[Event "C.to Mondiale U14"]
[Site "Antalya TUR"]
[Date "2007.11.26"]
[Round "9"]
[White "Caprio, Guido"]
[Black "Andreev, Sasho"]
[Result "1-0"]
[WhiteElo "2071"]
[BlackElo "1983"]
[PlyCount "43"]
[EventDate "2007.11.18"]

1. e4 e5 2. Bc4 Nf6 3. d3 c6 4. Nf3 d5 5. Bb3 a5 6. a3 Qc7 7. O-O Be6 8. exd5
cxd5 9. Re1 a4 10. Ba2 Nc6 11. Nc3 Bd6 12. Nb5 Qb8 13. Nxd6+ Qxd6 14. Nxe5 Nxe5
15. Bf4 Nfd7 16. d4 Qb6 17. Bxe5 O-O 18. Rb1 Ra5 19. Qd2 Rb5 20. Qc3 Nxe5 21.
Rxe5 Rc8 22. Qxc8+ 1-0

[Event "C.to Mondiale U14"]
[Site "Antalya TUR"]
[Date "2007.11.27"]
[Round "10"]
[White "Baghdasaryan, Vahe"]
[Black "Caprio, Guido"]
[Result "1-0"]
[WhiteElo "2137"]
[BlackElo "2071"]
[PlyCount "79"]
[EventDate "2007.11.18"]

1. e4 c5 2. Nf3 d6 3. d4 cxd4 4. Nxd4 Nf6 5. Nc3 g6 6. Be3 Bg7 7. f3 Nc6 8. Qd2
Bd7 9. O-O-O Rc8 10. Qe1 Ne5 11. g4 h5 12. g5 Nh7 13. f4 Nc4 14. Bxc4 Rxc4 15.
f5 O-O 16. Nd5 Re8 17. Qe2 b5 18. Rhf1 e6 19. fxg6 fxg6 20. Nf6+ Bxf6 21. gxf6
Kf7 22. e5 d5 23. Rg1 Rg8 24. Bh6 Qb6 25. Qd3 Be8 26. Bg7 Nf8 27. Nf3 Rxg7 28.
Ng5+ Kg8 29. fxg7 Kxg7 30. Qf3 Nh7 31. Nxh7 Kxh7 32. Qf8 Rc8 33. Qe7+ Kh6 34.
Qf8+ Kh7 35. Qe7+ Kh6 36. Qg5+ Kh7 37. Kb1 Qc7 38. c3 b4 39. cxb4 d4 40. Rc1
1-0

[Event "C.to Mondiale U14"]
[Site "Antalya TUR"]
[Date "2007.11.28"]
[Round "11"]
[White "Caprio, Guido"]
[Black "Tordeur, Jonathan"]
[Result "1-0"]
[WhiteElo "2071"]
[BlackElo "1988"]
[PlyCount "31"]
[EventDate "2007.11.18"]

1. e4 c5 2. a3 g6 3. d4 cxd4 4. c3 dxc3 5. Nxc3 Bg7 6. Bc4 a6 7. Be3 e6 8. Na4
Qa5+ 9. b4 Qe5 10. Rc1 Nc6 11. Nf3 Qxe4 12. Nb6 Rb8 13. Bd3 Qg4 14. Rc4 Nd4 15.
Bxd4 e5 16. Qa4 1-0

[Event "C.to Mondiale U12"]
[Site "Antalya TUR"]
[Date "2007.11.22"]
[Round "5"]
[White "Rukhadze, Akaki"]
[Black "De Filomeno, Simone"]
[Result "1/2-1/2"]
[WhiteElo "1831"]
[BlackElo "2045"]
[PlyCount "36"]
[EventDate "2007.11.18"]

1. e4 c5 2. Nf3 Nc6 3. d4 cxd4 4. Nxd4 g6 5. c4 Nf6 6. Nc3 Nxd4 7. Qxd4 d6 8.
Bg5 Bg7 9. Be2 O-O 10. O-O Be6 11. Qd2 Qa5 12. f3 Bxc4 13. Bxc4 Qc5+ 14. Kh1
Qxc4 15. Bxf6 Bxf6 16. Nd5 Kg7 17. Nxf6 Kxf6 18. Qh6 18... Qb5 {...} 1/2-1/2

[Event "C.to Mondiale U12"]
[Site "Antalya TUR"]
[Date "2007.11.22"]
[Round "6"]
[White "De Filomeno, Simone"]
[Black "Fridgeirsson, Dagur Andri"]
[Result "1-0"]
[WhiteElo "2045"]
[BlackElo "1804"]
[PlyCount "139"]
[EventDate "2007.11.18"]

1. e4 c5 2. d3 d6 3. g3 Nc6 4. Bg2 g6 5. f4 Bg7 6. Nf3 e6 7. O-O Nge7 8. c3 O-O
9. Be3 f5 10. Na3 Rb8 11. e5 dxe5 12. fxe5 b6 13. d4 cxd4 14. cxd4 Qd7 15. Qd2
Nd5 16. Nc4 Ba6 17. Rfc1 Bxc4 18. Rxc4 Na5 19. Rc2 Nc6 20. Rac1 Ncb4 21. Rc4
Nxe3 22. Qxe3 Nd5 23. Qd2 Rbc8 24. Rxc8 Rxc8 25. Rxc8+ Qxc8 26. Ne1 Qc4 27. a3
Bf8 28. Bf1 Qa4 29. Be2 b5 30. Bd1 Bh6 31. Qd3 Be3+ 32. Qxe3 Qxd1 33. Qf2 Qc1
34. h3 Ne3 35. Kh2 Kf7 36. Nd3 Qc2 37. Qxc2 Nxc2 38. d5 exd5 39. Nf4 Ne3 40.
Kg1 g5 41. Ne2 Ke6 42. Nd4+ Kxe5 43. Nxb5 d4 44. Nxa7 d3 45. Nb5 d2 46. Nc3
d1=Q+ 47. Nxd1 Nxd1 48. b3 Nc3 49. a4 Ke4 50. Kf2 h5 51. a5 f4 52. gxf4 gxf4
53. a6 Nb5 54. h4 f3 55. Kf1 Kf4 56. Kg1 Kg3 57. Kf1 Kxh4 58. Kf2 Kg4 59. b4 h4
60. Ke3 Kg3 61. Ke4 f2 62. Kd5 f1=Q 63. Kc6 h3 64. Kb6 h2 65. a7 Nxa7 66. Kxa7
h1=Q 67. b5 Qa1+ 68. Kb6 Qh7 69. Kc6 Qaa7 70. b6 1-0

[Event "C.to Mondiale U12"]
[Site "Antalya TUR"]
[Date "2007.11.25"]
[Round "8"]
[White "De Filomeno, Simone"]
[Black "Bok, Benjamin"]
[Result "0-1"]
[WhiteElo "2045"]
[BlackElo "2116"]
[PlyCount "80"]
[EventDate "2007.11.18"]

1. e4 e5 2. Nf3 Nc6 3. Bb5 a6 4. Ba4 Nf6 5. d3 b5 6. Bb3 Be7 7. c3 O-O 8. Nbd2
d5 9. Qe2 Bb7 10. Nf1 dxe4 11. dxe4 Bc5 12. Ng3 h6 13. O-O Ne8 14. Bd5 Qf6 15.
b4 Bb6 16. c4 bxc4 17. Bb2 Nd6 18. Bxc4 Nxc4 19. Qxc4 Rad8 20. Rad1 Rfe8 21.
Nf5 Qe6 22. Qc3 Nd4 23. N3xd4 exd4 24. Nxd4 Qxe4 25. Nc6 f6 26. Rc1 Qxc6 27.
Qxc6 Bxc6 28. Rxc6 Re2 29. Bc1 Rxf2 30. Rxb6 Rxf1+ 31. Kxf1 cxb6 32. Ke2 Kf7
33. Be3 b5 34. Bb6 Rc8 35. Bc5 Ke6 36. Ke3 Ke5 37. h4 g6 38. g4 f5 39. g5 hxg5
40. hxg5 Rh8 0-1

[Event "C.to Mondiale U12"]
[Site "Antalya TUR"]
[Date "2007.11.26"]
[Round "9"]
[White "Fu, Xiaoyong"]
[Black "De Filomeno, Simone"]
[Result "0-1"]
[WhiteElo "1975"]
[BlackElo "2045"]
[PlyCount "142"]
[EventDate "2007.11.18"]

1. e4 c5 2. Nf3 Nc6 3. d4 cxd4 4. Nxd4 g6 5. c4 Nf6 6. Nc3 Nxd4 7. Qxd4 d6 8.
Be2 Bg7 9. Be3 O-O 10. Qd2 Be6 11. O-O Qa5 12. Rac1 Rfc8 13. b3 a6 14. Qd3 Nd7
15. Bd4 Bh6 16. f4 f5 17. Qh3 Bg7 18. Bxg7 Kxg7 19. Rfe1 Nc5 20. exf5 Bxf5 21.
Bg4 e6 22. Bxf5 gxf5 23. Re3 Rf8 24. Rg3+ Kh8 25. Qh6 Rf7 26. Kh1 Rg8 27. Rh3
Qa3 28. Rb1 b5 29. cxb5 axb5 30. b4 Ne4 31. Nxe4 Qxa2 32. Nd2 Qxd2 33. Rg3 Rc8
34. h3 Rc1+ 35. Rxc1 Qxc1+ 36. Kh2 Qc4 37. Ra3 Qd5 38. Ra7 e5 39. Rxf7 Qxf7 40.
Qxd6 exf4 41. Qe5+ Qg7 42. Qxf4 Qd7 43. h4 Qd5 44. h5 Kg7 45. Qg5+ Kf7 46. h6
Qe5+ 47. Kh3 Qf6 48. Qf4 Kg6 49. Qe3 Qg5 50. Qb6+ Kh5 51. g3 Qg4+ 52. Kh2 Qe2+
53. Kg1 Kg4 54. Qd4+ Kxg3 55. Qc3+ Qf3 56. Qe5+ f4 57. Qe1+ Kh3 58. Qd2 Qe3+
59. Qxe3+ fxe3 60. Kf1 Kg3 61. Ke1 Kg4 62. Ke2 Kf4 63. Ke1 Kg5 64. Ke2 Kxh6 65.
Kxe3 Kg5 66. Kd4 h5 67. Kc5 h4 68. Kxb5 h3 69. Ka6 h2 70. b5 h1=Q 71. b6 Qa1+
0-1

[Event "C.to Mondiale U12"]
[Site "Antalya TUR"]
[Date "2007.11.27"]
[Round "10"]
[White "De Filomeno, Simone"]
[Black "Fernandez, Daniel Howard"]
[Result "1-0"]
[WhiteElo "2045"]
[BlackElo "2102"]
[PlyCount "65"]
[EventDate "2007.11.18"]

1. e4 c5 2. Nc3 e6 3. g3 Nc6 4. Bg2 Nf6 5. d3 d6 6. f4 Bd7 7. Nf3 Qc7 8. O-O
Be7 9. Kh1 O-O 10. h3 Rac8 11. g4 Be8 12. Ne2 h5 13. g5 Nd7 14. f5 Nde5 15. Ng3
Nxf3 16. Qxf3 h4 17. Nh5 Ne5 18. Qf2 exf5 19. exf5 Bc6 20. Qxh4 Bxg2+ 21. Kxg2
Qc6+ 22. Kg3 Rfe8 23. Bf4 Bf8 24. Rae1 Qd5 25. Bd2 Qxa2 26. Bc3 Rc7 27. Nf4 Be7
28. Ra1 Qxa1 29. Rxa1 b5 30. Bxe5 dxe5 31. Nd5 Rd7 32. g6 fxg6 33. fxg6 1-0

[Event "C.to Mondiale U12"]
[Site "Antalya TUR"]
[Date "2007.11.28"]
[Round "11"]
[White "Kaphle, Sebastian"]
[Black "De Filomeno, Simone"]
[Result "1/2-1/2"]
[WhiteElo "2086"]
[BlackElo "2045"]
[PlyCount "70"]
[EventDate "2007.11.18"]

1. e4 c5 2. Nf3 Nc6 3. d4 cxd4 4. Nxd4 g6 5. c4 Nf6 6. Nc3 d6 7. Be2 Nxd4 8.
Qxd4 Bg7 9. Be3 O-O 10. Qd2 Be6 11. Rc1 Qa5 12. f3 Rfc8 13. b3 a6 14. Nd5 Qxd2+
15. Kxd2 Nxd5 16. cxd5 Bd7 17. Rxc8+ Rxc8 18. Rc1 Rxc1 19. Kxc1 Kf8 20. Bb6 f5
21. Kc2 Kf7 22. a4 Be5 23. g3 fxe4 24. fxe4 Kf6 25. Kd3 h5 26. Be3 b5 27. axb5
Bxb5+ 28. Kd2 e6 29. Bxb5 axb5 30. dxe6 Kxe6 31. Bf4 h4 32. Ke3 hxg3 33. hxg3
g5 34. Bxg5 Bxg3 35. Kd3 d5 1/2-1/2

[Event "C.to Mondiale U10"]
[Site "Antalya TUR"]
[Date "2007.11.21"]
[Round "4"]
[White "Codenotti, Marco"]
[Black "Konstantinov, Aleksandar"]
[Result "1-0"]
[WhiteElo "2002"]
[BlackElo "1891"]
[PlyCount "51"]
[EventDate "2007.11.18"]

1. e4 c5 2. Nc3 e6 3. f4 Nc6 4. Nf3 d6 5. g3 Be7 6. Bg2 Nf6 7. d3 O-O 8. O-O
Nd4 9. Nxd4 cxd4 10. Ne2 e5 11. h3 exf4 12. Nxf4 Nd7 13. Qh5 Nf6 14. Qe2 Nd7
15. Qf2 Bf6 16. Nd5 Be5 17. Bd2 Nf6 18. Bg5 Nxe4 19. Bxd8 Nxf2 20. Be7 Nxh3+
21. Kh2 Be6 22. Nc7 Rfe8 23. Bxh3 Rxe7 24. Nxa8 Bxh3 25. Kxh3 d5 26. Rfe1 1-0

[Event "C.to Mondiale U10"]
[Site "Antalya TUR"]
[Date "2007.11.22"]
[Round "5"]
[White "Antadze, Mamuka"]
[Black "Zito, Riccardo"]
[Result "1/2-1/2"]
[WhiteElo "1723"]
[BlackElo "1449"]
[PlyCount "64"]
[EventDate "2007.11.18"]

1. e4 Nf6 2. e5 Nd5 3. c4 Nb6 4. d4 d6 5. exd6 exd6 6. h3 Be7 7. Nf3 O-O 8. Be2
Bf5 9. O-O N8d7 10. Nc3 Nf6 11. Be3 c5 12. dxc5 dxc5 13. b3 Ne4 14. Nxe4 Bxe4
15. Qxd8 Raxd8 16. Rad1 Nd7 17. Ng5 Bc6 18. Nf3 f5 19. Bf4 Nf6 20. Ng5 Rfe8 21.
Bd3 Be4 22. Nxe4 fxe4 23. Bb1 h6 24. g4 g5 25. Be5 a6 26. Rfe1 Rxd1 27. Rxd1 b5
28. Re1 b4 29. Bxf6 Bxf6 30. Bxe4 Kg7 31. f3 Bc3 32. Re3 Kf6 1/2-1/2